书目信息 |
| 题名: |
杜威实用主义教育思想与论著选读
|
|
| 作者: | 冯克诚 主编 | |
| 分册: | 下 | |
| 出版信息: | 北京 人民武警出版社 2010 |
|
| 页数: | 266页 | |
| 开本: | 23cm | |
| 丛书名: | 教师必读文库 | |
| 单 册: | ||
| 中图分类: | G40-097.12 | |
| 科图分类: | ||
| 主题词: | 实用主义教育思想 | |
| 电子资源: | ||
| ISBN: | 978-7-80176-453-9 | |
| 000 | 01021oam2 2200277 45 | |
| 001 | 1237570731 | |
| 005 | 20120618100954.29 | |
| 010 | @a978-7-80176-453-9@dCNY39.80(全2册79.60) | |
| 100 | @a20120408d20112010 em y0chiy50 ea | |
| 101 | 0 | @achi |
| 102 | @aCN@b110000 | |
| 105 | @ay z 000yy | |
| 106 | @ar | |
| 200 | 1 | @a杜威实用主义教育思想与论著选读@ADu Wei Shi Yong Zhu Yi Jiao Yu Si Xiang Yu Lun Zhu Xuan Dou@h下@HXia@f冯克诚主编@FFeng Ke Cheng Zhu Bian |
| 210 | @a北京@c人民武警出版社@d2010@h2011 | |
| 215 | @a266页@d23cm | |
| 225 | 2 | @a教师必读文库@i外国教育名家名著精读丛书 |
| 330 | @a本书主要内容包括:实用主义教育思想与教育论著选读;杜伟教育活动与实用主义教育思想等。 | |
| 461 | 0 | @12001 @a教师必读文库 |
| 600 | 0 | @a杜威@c(Dewey, John@f1859-1952)@x实用主义教育思想@x思想史 |
| 600 | 0 | @a杜威@c(Dewey, John@f1859-1952) |
| 606 | 0 | @a实用主义教育思想 |
| 690 | @aG40-097.12@v4 | |
| 701 | 0 | @a冯克诚@AFeng Ke Cheng@4主编 |
| 801 | 0 | @aCN@bTSTCL@c20120604 |
| 905 | @b0816752-55@dG40-097.12@e599:2@f4 | |
| 杜威实用主义教育思想与论著选读.下/冯克诚主编.-北京:人民武警出版社,2010(2011) |
| 266页;23cm.-(教师必读文库.外国教育名家名著精读丛书) |
| ISBN 978-7-80176-453-9:CNY39.80(全2册79.60) |
| 本书主要内容包括:实用主义教育思想与教育论著选读;杜伟教育活动与实用主义教育思想等。 |
| ● |
| 相关链接 |
|
|
|
|
正题名:杜威实用主义教育思想与论著选读
索取号:G40-097.12/599:2
 
预约/预借
| 序号 | 登录号 | 条形码 | 馆藏地/架位号 | 状态 | 备注 |
| 1 | 0816752 | 208167525 | 第一样本阅览室/ [索取号:G40-097.12/599:2] | 在馆 | |
| 2 | 0816753 | 208167534 | 第四借阅区/ [索取号:G40-097.12/599:2] | 在馆 | |
| 3 | 0816754 | 208167543 | 第四借阅区/ [索取号:G40-097.12/599:2] | 在馆 | |
| 4 | 0816755 | 208167552 | 教育系资料室/ [索取号:G40-097.12/599:2] | 在馆 |